000 02644nam0a2200361 4500
001 RU\NLR\BIBL_A\011869555
005 20191220102513.0
010 _a978-5-6041019-2-6
_9120
021 _aRU
_bКН-П-18-081825
_9КН-П-18-5927
035 _a(NLR Aleph) 011869555
035 _a(RuMoRGB)009790689
090 _a12197191
_c12197191
100 _a20181123d2018 k y0rusy50 ca
101 0 _arus
102 _aRU
105 _aaczzzz0|||1yy
200 1 _aЭкономическая история Сибири XX - начала XXI века
_eматериалы V Всероссийской научной конференции (с международным участием), 29-30 июня 2018 г., Барнаул [и материалы Панельной дискуссии]
_fМинистерство науки и высшего образования Российской Федерации, Алтайское краевое отделение Российского общества исследователей экономической истории [и др.
_gпод ред. Е. В. Демчик]
210 _aБарнаул
_cПять Плюс
_d2018
215 _a413 с., [5] л. цв. ил., портр.
_cил., портр., табл.
_d21
320 _aБиблиогр. в конце ст.
607 _aСибирь
_xЭкономическая история
_z20 - нач. 21 вв.
_jСъезды, совещания и т.п
_2nlr_sh2
_3RU\NLR\AUTH\6601646609
686 1 _aУ03(2Р5)я431
702 1 _aДемчик
_bЕ. В.
_gЕвгения Валентиновна
_4340
711 1 2 _a"Экономическая история Сибири XX - начала XXI века", всероссийская научная конференция (с международным участием)
_d5
_f2018
_eБарнаул
_3RU\NLR\AUTH\880488763
711 1 2 _a"Тренды экономического развития XX - начала XXI в.", панельная дискуссия
_f2018
_eБарнаул
_3RU\NLR\AUTH\880488772
712 0 1 _aРоссийская Федерация
_bМинистерство науки и высшего образования
_3RU\NLR\AUTH\880480400
_4570
942 _cBOOK
980 _aNBR
980 _aNB